000 00734cam a2200253 a 4500
001 3400104
003 OSt
005 20150909112907.0
008 890613s1990 maua 001 0 eng
010 _a 89036076
020 _a0201119498
040 _aSEKU
050 0 0 _aQA 184
_b.F7 1989b
100 1 _aFraleigh, John B.
245 1 0 _aLinear algebra
_cJohn B. Fraleigh, Raymond A. Beauregard ; historical notes by Victor J. Katz.
250 _a2nd ed.
260 _aReading, Mass. :
_bAddison-Wesley Pub. Co.,
_cc1990.
300 _axiii, 518, A1-A53 p. :
_bill. ;
_c25 cm.
500 _aIncludes index.
650 0 _aAlgebras, Linear.
700 1 _aBeauregard, Raymond A.
700 1 _aKatz, Victor J.
942 _2lcc
_cGEN
999 _c8776
_d8776